Central Library OPAC University of Rajshahi

Education and Training UK 1987 : (Record no. 60631)

MARC details
000 -LEADER
fixed length control field 00734nam a2200241 a 4500
001 - CONTROL NUMBER
control field 60631
003 - CONTROL NUMBER IDENTIFIER
rucl marc code BD-RjUL
005 - DATE AND TIME OF LATEST TRANSACTION
control field 20211209080850.0
008 - FIXED-LENGTH DATA ELEMENTS--GENERAL INFORMATION
fixed length control field 170102b1987 uk ||||| |||| 00| 0 eng d
020 ## - INTERNATIONAL STANDARD BOOK NUMBER
International Standard Book Number 094696712X
International Standard Book Number 09503684
035 ## - SYSTEM CONTROL NUMBER
System control number (BD-RjUL)60755
040 ## - CATALOGING SOURCE
Original cataloging agency BD-RjUL
Language of cataloging eng
Transcribing agency BD-RjUL
Modifying agency BD-RjUL
041 ## - LANGUAGE CODE
Language code of text/sound track or separate title eng
082 ## - DEWEY DECIMAL CLASSIFICATION NUMBER
Edition number 23
Classification number 379.41
Author mark and year EDU 1987
245 00 - TITLE STATEMENT
Title Education and Training UK 1987 :
Remainder of title an Economic, Social and Policy Audit /
Statement of responsibility, etc. ed by A Harrison; J Gretton
260 ## - PUBLICATION, DISTRIBUTION, ETC. (IMPRINT)
Place of publication, distribution, etc. Newbury :
Name of publisher, distributor, etc. Policy Journals,
Date of publication, distribution, etc. 1987
300 ## - PHYSICAL DESCRIPTION
Pagination 115 p. ;
Illustrations ill. ;
Size 28
650 ## - SUBJECT ADDED ENTRY--TOPICAL TERM
Topical term or geographic name as entry element Education and State
Geographic subdivision Great Britain
9 (RLIN) 180615
700 ## - ADDED ENTRY--PERSONAL NAME
Personal name Harrison, A ed by
Personal name Gretton, J ed by
942 ## - ADDED ENTRY ELEMENTS (KOHA)
Source of classification or shelving scheme Dewey Decimal Classification
Koha item type Books
Holdings
Lost status Source of classification or shelving scheme Damaged status Not for loan Collection code Permanent Location Current Location Shelving location Date acquired Source of acquisition Total Checkouts Full call number Date last seen Copy number Koha item type
  Dewey Decimal Classification   Not For Loan Non-fiction Central Library, University of Rajshahi Central Library, University of Rajshahi Reading Room 17/05/1995 Gift   379.41 EDU 1987 02/01/2017 C-1 Books